000 01113nam a22002777a 4500
001 BD-DhSAU 9278
003 BD-DhSAU
005 20260124124123.0
008 150613b2018 bg a|||| m||| 00| 0 eng d
040 _aBD-DhSAU
082 _222
_a635
_bAl108
100 _aMD. AL SHAHORIYA
_eRegistration # 16-07302
245 _aExtension of storage life and quality maintenance of mango cv. ‘harivanga’ using biopreservatives and hot water treatment /
_bMS thesis
260 _aSher-e-Bangla Agricultural University :
_bDepartment of Horticulture,
_c2024.
300 _ax, 73p. :
_bill. ;
_c30 cm.
500 _aMS thesis of Department of Horticulture, Faculty of Agriculture, Sher-e-Bangla Agricultural University, Dhaka, Bangladesh
504 _aIncludes bibliographical reference.
590 _aNazmul
650 _astorage life and quality maintenance
650 _amango cv. ‘harivanga’ using biopreservatives
651 _ahot water treatment
700 _aAssist. Prof. Md. Rezwan Sarker
_eSuperviser
700 _aBushra Mumtaz
_eCo-superviser
942 _2ddc
_cTHESIS
999 _c18223
_d18222